[Event "Kuwait Amateur Group A"]
[Site "Kuwait"]
[Date "2017.11.06"]
[Round "2.1"]
[White "Abdel Mohsen, Mohamed"]
[Black "Tinsay, Nathaniel"]
[Result "1-0"]
[WhiteElo "1760"]
[BlackElo "1645"]
[PlyCount "87"]
[EventDate "2017.11.05"]
[EventType "swiss"]
[EventRounds "9"]
[EventCountry "KUW"]
[SourceTitle "EXT 2024"]
[Source "ChessBase"]
[SourceDate "2023.10.10"]
[SourceVersion "1"]
[SourceVersionDate "2023.10.10"]
[SourceQuality "1"]

1. e4 c5 2. Nf3 g6 3. d4 cxd4 4. Nxd4 Nc6 5. Bc4 Bg7 6. Nxc6 bxc6 7. Nc3 d6 8. Be3 Nf6 9. f3 Qa5 10. 0-0 Ba6 11. Bxa6 Qxa6 12. Qd2 h6 13. Rad1 Rb8 14. b3 Rd8 15. Na4 Nd7 16. Bd4 Bxd4+ 17. Qxd4 f6 18. c4 Nb6 19. Nc3 Nd7 20. Qd2 Qb6+ 21. Kh1 Nc5 22. Qc2 Kf7 23. f4 Nd7 24. Qe2 Kg7 25. Rf3 Qa5 26. Rg3 h5 27. Qc2 h4 28. Rg4 h3 29. e5 hxg2+ 30. Rxg2 Nf8 31. exf6+ exf6 32. Qe4 Qc7 33. Rdg1 Rh6 34. f5 d5 35. cxd5 cxd5 36. Nxd5 Qf7 37. Nf4 g5 38. Re2 Rh4 39. Ne6+ Nxe6 40. Qxh4 Qb7+ 41. Qe4 Qxe4+ 42. Rxe4 Nc5 43. Re7+ Kh6 44. Rg3 1-0